| 000 | 00742nam a2200217 i 4500 | ||
|---|---|---|---|
| 001 | bg | ||
| 100 | 1 | _aGÓRSKI, Adam | |
| 245 | 0 |
_aNakład pracy na wykonanie analiz dokumentacyjnych opisów patentowych Nr 1/71 / _cAdam Górski, Wojciech Otton-Pilecki, Mirosława Skubisz. |
|
| 260 |
_aWarszawa : _bCentr. Inst. Inf. Nauk.-Techn. i Ekon., _c1971. |
||
| 300 |
_as. 71, nlb. 1 : _btab., wykr. |
||
| 490 | 1 |
_aPrace. Studia. Przyczynki ; _v[Nr] 1/71 |
|
| 504 | _a[Zawiera bibliogr. s. 48-49]. | ||
| 700 | 1 | _aPILECKI-OTTON, Wojciech | |
| 700 | 1 | _aSKUBISZ, Mirosława | |
| 830 | _aPrace. Studia. Przyczynki ; | ||
| 040 | _cBPK | ||
| 041 | _apol | ||
| 080 | _a65.015.2:019:608.3 | ||
| 942 | _cKS | ||
| 008 | s pl f |000 0 pol | ||
| 999 |
_c7322 _d7322 |
||
| 856 |
_uhttp://koha.tu.koszalin.pl/cgi-bin/koha/opac-detail.pl?biblionumber=7322 _yKatalog online BPK |
||